[Event "Budapest Statisztika 10"]
[Site "Budapest"]
[Date "1993.??.??"]
[Round "10"]
[White "Koerholz, Ludger"]
[Black "Varga, Peter"]
[Result "0-1"]
[WhiteElo "2295"]
[BlackElo "2315"]
[EventDate "1993.10.??"]
[PlyCount "72"]

1.d4 d5 2.c4 c6 3.Nc3 Nf6 4.Bg5 dxc4 5.e4 b5 6.e5 Nd5 7.a4 h6 8.Bh4 g5 9.
Bg3 e6 10.h4 Bb4 11.Rc1 h5 12.hxg5 Qxg5 13.Nf3 Qg6 14.axb5 cxb5 15.Nd2 a6 
16.Qf3 Bb7 17.Rh4 Nd7 18.Nde4 O-O-O 19.Be2 Ne7 20.Kf1 Nf5 21.Qf4 Nxh4 22.
Qxh4 Rdg8 23.Bf3 Kb8 24.d5 Nc5 25.Nxc5 Bxc5 26.Ne4 Bb6 27.Nd6 Bxd5 28.Rd1 
Bxf3 29.gxf3 Qc2 30.Ra1 Rxg3 31.Qxg3 h4 32.Qh2 Qxb2 33.Rxa6 Qc1+ 34.Ke2 
Qc2+ 35.Kf1 Qd1+ 36.Kg2 Rg8+ 0-1

[Event "Budapest Statisztika 10"]
[Site "Budapest"]
[Date "1993.??.??"]
[Round "10"]
[White "Kraschl, Joerg"]
[Black "Niklasch, Oliver"]
[Result "1/2-1/2"]
[WhiteElo "2225"]
[BlackElo "2245"]
[EventDate "1993.10.??"]
[PlyCount "83"]

1.Nf3 Nf6 2.g3 d5 3.Bg2 e6 4.O-O Be7 5.d3 c5 6.Nbd2 Nc6 7.e4 b6 8.Re1 Bb7 
9.c3 Qc7 10.a3 O-O-O 11.Qe2 h6 12.b4 g5 13.h3 Rhg8 14.Nb3 c4 15.exd5 cxd3 
16.Qxd3 Nxd5 17.Qc2 Bf6 18.Bb2 Nde7 19.c4 Bxb2 20.Qxb2 h5 21.b5 Na5 22.
Nxa5 bxa5 23.c5 Bd5 24.Qe5 g4 25.hxg4 hxg4 26.Qxc7+ Kxc7 27.Ne5 Rg7 28.
Rad1 Rh8 29.Bxd5 Nxd5 30.Kg2 f6 31.Nc4 Rgh7 32.Rd3 Rh2+ 33.Kf1 Rh1+ 34.Ke2
Rxe1+ 35.Kxe1 Rh1+ 36.Kd2 Rb1 37.a4 Rb4 38.Nxa5 Rxa4 39.Nb3 Ra2+ 40.Ke1 
Ra3 41.Ke2 Nb4 42.Rc3 1/2-1/2

[Event "Budapest Statisztika 10"]
[Site "Budapest"]
[Date "1993.??.??"]
[Round "10"]
[White "Medvegy, Zoltan"]
[Black "Palkovi, Jozsef"]
[Result "0-1"]
[WhiteElo "2285"]
[BlackElo "2405"]
[EventDate "1993.10.??"]
[PlyCount "88"]

1.e4 d5 2.exd5 Nf6 3.d4 Nxd5 4.c4 Nb6 5.Nf3 g6 6.Be2 Bg7 7.O-O O-O 8.Nc3 
Bg4 9.Be3 Nc6 10.d5 Bxf3 11.gxf3 Na5 12.Bd4 Bxd4 13.Qxd4 c5 14.Qe4 Nc8 15.
b3 Nd6 16.Qe3 b6 17.Bd3 Qd7 18.Rae1 Rae8 19.Qg5 e5 20.Ne4 Nxe4 21.fxe4 Nc6
22.Re3 Nd4 23.f4 f6 24.Qg3 exf4 25.Rxf4 Qd6 26.Qf2 g5 27.Rg4 Re7 28.Rh3 
Rg7 29.Rh6 Qe5 30.Qg3 Rg6 31.Rxg6+ hxg6 32.h4 Qxg3+ 33.Rxg3 gxh4 34.Rxg6+ 
Kf7 35.Rh6 Kg7 36.Rh5 Kg6 37.Rf5 Nxf5 38.exf5+ Kg5 39.Kg2 Kf4 40.Kh3 Rg8 
41.Bc2 Rg3+ 42.Kh2 Rc3 43.Bb1 Rc1 44.Bd3 Rd1 0-1

[Event "Budapest Statisztika 10"]
[Site "Budapest"]
[Date "1993.??.??"]
[Round "11"]
[White "Hansen, Lars Henrik Bech"]
[Black "Koerholz, Ludger"]
[Result "0-1"]
[WhiteElo "2210"]
[BlackElo "2295"]
[EventDate "1993.10.??"]
[PlyCount "118"]

1.e4 c5 2.Nf3 Nc6 3.d4 cxd4 4.Nxd4 Nf6 5.Nc3 g6 6.Be2 Bg7 7.Be3 O-O 8.O-O 
d5 9.exd5 Nb4 10.Nf3 Bf5 11.Rc1 Nfxd5 12.Nxd5 Nxd5 13.Bd4 Bh6 14.Ra1 Nb4 
15.Ne1 Qc7 16.Bc3 Rfd8 17.Nd3 Nxd3 18.Bxd3 Bxd3 19.cxd3 Rd5 20.Qe2 Rad8 
21.Rad1 Bf4 22.h3 Qd7 23.Qf3 Be5 24.Bxe5 Rxe5 25.Rd2 Qb5 26.b3 Rd7 27.Rfd1
a5 28.Qf4 Qd5 29.Qc4 b5 30.Qxd5 Rexd5 31.Kf1 Kf8 32.f3 h5 33.g4 Kg7 34.Kf2
Kf6 35.Ke3 hxg4 36.hxg4 Re5+ 37.Kf2 Rc5 38.Ke3 Rd6 39.Ke4 Re5+ 40.Kf4 Rd4+
41.Kg3 e6 42.Rf1 Re3 43.Rfd1 Ke5 44.a3 g5 45.b4 axb4 46.Rb1 Rf4 47.Rxb4 
Rexf3+ 48.Kg2 Rxb4 49.Kxf3 Rb3 50.Ke3 Rxa3 51.Rb2 Ra5 52.Rf2 Ra7 53.Rb2 
Rb7 54.d4+ Kd5 55.Rc2 b4 56.Rc5+ Kd6 57.Kd2 f6 58.Ra5 b3 59.Kc1 Rb4 0-1

[Event "Budapest Statisztika 10"]
[Site "Budapest"]
[Date "1993.??.??"]
[Round "11"]
[White "Palkovi, Jozsef"]
[Black "Kraschl, Joerg"]
[Result "1-0"]
[WhiteElo "2405"]
[BlackElo "2225"]
[EventDate "1993.10.??"]
[PlyCount "59"]

1.e4 c5 2.Nf3 d6 3.d4 cxd4 4.Nxd4 Nf6 5.Nc3 e6 6.g4 h6 7.g5 hxg5 8.Bxg5 
Nc6 9.Qd2 Qb6 10.Nb3 a6 11.O-O-O Qc7 12.h4 b5 13.Bg2 Rb8 14.f4 b4 15.Ne2 
Nd7 16.e5 dxe5 17.Bxc6 Qxc6 18.fxe5 Qc7 19.Rh3 Bb7 20.Rd3 Bd5 21.Nf4 Nb6 
22.Nd4 Rc8 23.Nf5 Qxe5 24.Nxd5 Nxd5 25.Re1 Rxc2+ 26.Qxc2 Qxe1+ 27.Rd1 
Qxd1+ 28.Kxd1 f6 29.Qc8+ Kf7 30.Nd4 1-0

[Event "Budapest Statisztika 10"]
[Site "Budapest"]
[Date "1993.??.??"]
[Round "11"]
[White "Varga, Peter"]
[Black "Medvegy, Zoltan"]
[Result "1-0"]
[WhiteElo "2315"]
[BlackElo "2285"]
[EventDate "1993.10.??"]
[PlyCount "79"]

1.d4 Nf6 2.c4 e6 3.Nc3 d5 4.cxd5 exd5 5.Bg5 Nbd7 6.e3 c6 7.Bd3 Be7 8.Nge2 
h6 9.Bh4 O-O 10.Qc2 Re8 11.f3 c5 12.O-O cxd4 13.Nxd4 Ne5 14.Bb5 Bd7 15.
Bxd7 Qxd7 16.Rfe1 Rac8 17.Nf5 Rc6 18.Rad1 Ng6 19.Bf2 Bb4 20.e4 Bxc3 21.
bxc3 Qc7 22.exd5 Rxe1+ 23.Bxe1 Rc5 24.d6 Qd7 25.g4 Ne5 26.Qe2 h5 27.Bf2 
Ra5 28.h3 hxg4 29.hxg4 g6 30.Ne7+ Kg7 31.Rd4 Ne8 32.Bg3 f6 33.Qe4 Nxd6 34.
Bxe5 Nxe4 35.Rxd7 Nc5 36.Nf5+ Kf8 37.Bd6+ Ke8 38.Re7+ Kd8 39.Bc7+ Kc8 40.
Nd6# 1-0